| 000 -LEADER |
| fixed length control field |
00594cam a22001457a 4500 |
| 008 - FIXED-LENGTH DATA ELEMENTS--GENERAL INFORMATION |
| fixed length control field |
180718b2003 xxu||||| |||| 00| 0 eng d |
| 082 ## - DEWEY DECIMAL CLASSIFICATION NUMBER |
| Classification number |
APPPA 2002-03 SIN/31 |
| 100 ## - MAIN ENTRY--PERSONAL NAME |
| Personal name |
Singh, H.C. |
| 245 ## - TITLE STATEMENT |
| Title |
International co-operation in criminal investigation: efficacy of the existing institutions, systems and laws - an Indian experience |
| Statement of responsibility, etc. |
by H.C. Singh |
| 260 ## - PUBLICATION, DISTRIBUTION, ETC. |
| Place of publication, distribution, etc. |
New Delhi |
| Name of publisher, distributor, etc. |
Indian Institute of Public Administration |
| Date of publication, distribution, etc. |
2003 |
| 300 ## - PHYSICAL DESCRIPTION |
| Extent |
126p. |
| 500 ## - GENERAL NOTE |
| General note |
An APPPA M. Phil. dissertation, 2002-03 (Guide: J. Guha Roy) |
| 650 ## - SUBJECT ADDED ENTRY--TOPICAL TERM |
| Topical term or geographic name entry element |
Criminal investigation |
| 650 ## - SUBJECT ADDED ENTRY--TOPICAL TERM |
| Topical term or geographic name entry element |
International co-operation |